Música e imaginación /
Guardado en:
| Autor principal: | |
|---|---|
| Formato: | Libro |
| Idioma: | Español |
| Publicado: |
Buenos Aires, Argentina :
Emecé,
1955, c1955
|
| Temas: | |
| Etiquetas: |
Sin etiquetas, Sé el primero en etiquetar este registro!
|
MARC
| LEADER | 00000nam^a2200000^a^4500 | ||
|---|---|---|---|
| 001 | 000300687 | ||
| 005 | 20250521000000.0 | ||
| 009 | 20260310112521.321 | ||
| 037 | |a Acervo ITESO - Biblioteca | ||
| 041 | |a ESP | ||
| 082 | |a 780. 12 |b COP | ||
| 100 | |a Copland, Aaron |e (autor) | ||
| 240 | 1 | 1 | |a [Música e imaginación] |
| 245 | 1 | 0 | |a Música e imaginación / |c A. Copland ; tr. por Néstor R. Ortiz Oderigo. |
| 264 | 4 | |a Buenos Aires, Argentina : |b Emecé, |c 1955, c1955 | |
| 300 | |a 138 p. | ||
| 336 | |a texto |b txt |2 rdacontenido | ||
| 337 | |a sin mediación |b n |2 rdamedio | ||
| 338 | |a volumen |b nc |2 rdasoporte | ||
| 500 | |a Traducción de: Music and Imagination | ||
| 649 | |a XX | ||
| 650 | |a Imaginación | ||
| 650 | |a Creación (Literaria, Artística, etc.) | ||
| 650 | |a Composición Musical (Proceso) | ||
| 650 | |a Improvisación Musical | ||
| 650 | |a Recepción y Apreciación de la Música - |x Tema Principal | ||
| 650 | |a Música - |x Teoría | ||
| 650 | |a Música - |x Estudio y Enseñanza | ||
| 910 | |a Fondo General | ||
| 920 | |a Impresos - Libros | ||
| 930 | |a Colección General | ||
| 905 | |a 101 | ||
| 901 | |a 0500186581 |b IT1 |c ACC |i C123853 |u 20250521 | ||
| 902 | |a https://opac.biblio.iteso.mx/vufind/Record/000300687 | ||